Technika amatérskeho filmu

Bibliographic Details
Main Authors: Hofman, Miroslav (Author), Rentz, Jiří (Author)
Format: Book
Language:Slovak
PhysicalDescription:335 strán fotografie 21 cm
Published: Bratislava Alfa 1983
Edition:2. preprac. vyd.
Series:Urob si sám
Subjects:

MARC

LEADER 00000cam a2200000 a 4500
001 vtls001448932
003 SK-MaSNL
005 20260301121317.0
008 250313s1983 xo o gr 00000 slo
015 |a SNBA1983 
020 |q (brožované) 
035 |a SNK000404200 
035 |a urn:nbn:sk:snk-am3j0na 
035 |a 19267F7B-C5FC-43AA-B15D-55A54BA55D7B 
035 |a urn:nbn:sk:snk-am00gkyl 
040 |a SNK  |b slo  |c SNK  |e AACR2 
041 0 |a slo 
044 |a xo  |c SK 
072 7 |a 791  |x Film. Cirkus. Ľudová zábava  |2 konspekt 
080 |a 791.2.077  |2 2001 
080 |a 681.775  |2 2001 
080 |a (0.062)  |2 2011 
100 1 |a Hofman, Miroslav  |4 aut  |9 465243 
245 1 0 |a Technika amatérskeho filmu  |c Miroslav Hofman, Jiří Rentz 
250 |a 2. preprac. vyd. 
260 |a Bratislava  |b Alfa  |c 1983 
300 |a 335 strán  |b fotografie  |c 21 cm 
490 1 |a Urob si sám 
650 0 7 |a amatérske filmy  |2 SNKPH  |9 67242 
650 0 7 |a projektory  |2 SNKPH  |9 67243 
655 7 |a populárno-náučné publikácie  |2 SNKPH  |9 70460 
700 1 |a Rentz, Jiří  |4 aut  |9 465244 
830 0 |a Urob si sám  |9 276794 
852 |a Slovenská národná knižnica 
958 |a TL 
958 |a OND 
999 |c 728938  |d 730868 
952 |a SNK  |b SNK  |y VYP  |7 0  |p 17A1084665  |o snkSC 111300 D1  |i snk2014/13762  |8 1  |0 0  |1 0  |4 0  |d 2014-06-13  |l 0  |r 2026-02-23 22:21:55  |w 2026-02-23 
952 |t P60, <03>, [BOOK], {603}  |a SNK  |b SNK  |y PREZ  |7 0  |p 17A0372539  |o snkSC 111300  |i snkD 138/2003  |0 0  |1 0  |4 0  |d 2003-02-06  |f 1  |l 0  |r 2025-10-01 00:00:00  |w 2026-02-23